| 000 | 00543nam a22001937a 4500 | ||
|---|---|---|---|
| 003 | CEME | ||
| 005 | 20210628205945.0 | ||
| 008 | 210209b xxu||||| |||| 00| 0 eng d | ||
| 020 | _a0-8269-1666-X | ||
| 040 | _c. | ||
| 082 | _a621.46 ROC | ||
| 100 |
_aRockis, Gary Mazur, Glen _977655 |
||
| 245 | _aElectrical motor controls automated industrial systems | ||
| 250 | _a3RD | ||
| 260 |
_aHOMEWOOD _bAMERICAN TECHNICAL _c1992 |
||
| 300 | _a526P | ||
| 650 |
_aELECTRIC CONTROLLERS ELECTRIC-MOTORS ELECTRIC CONTROL _977656 |
||
| 942 |
_cBK _2ddc |
||
| 999 |
_c582886 _d582886 |
||